[Event "Almaty Open 2017"]
[Site "Almaty"]
[Date "2017.10.07"]
[Round "5"]
[White "Stupak, Kirill"]
[Black "Askarov, Bakhtiyar"]
[Result "1-0"]
[WhiteElo "2578"]
[BlackElo "2407"]
[Annotator "TA"]
[PlyCount "83"]
[EventDate "2017.??.??"]
[EventType "swiss"]
[EventCountry "KAZ"]
[SourceTitle "playchess.com"]
[Source "ChessBase"]
[SourceQuality "1"]

{[%evp 25,83,39,56,39,73,70,62,37,258,245,239,229,228,218,216,210,192,98,199,178,172,165,175,152,150,142,156,129,110,125,211,216,275,262,257,259,254,264,306,314,318,315,325,309,329,325,339,331,302,304,389,410,426,413,585,566,764,770,1088,931]} 1. d4 Nf6 2. c4 c5 3. d5 b5 4. cxb5 a6 5. bxa6 g6 6. Nc3 Bxa6 7. Nf3 Bg7 8. g3 O-O 9. Bg2 d6 10. O-O Nbd7 11. Qc2 Ng4 12. Rd1 Qb6 13. Rb1 Rfb8 14. Bd2 {A58: Benko/Volga Gambit: Lines with 5 bxa6} c4 15. Be1 Nde5 $146 ({Predecessor:} 15... Nc5 16. Nd2 Qa7 17. h3 Ne5 18. Kh2 Ned7 19. Nf3 Bc8 20. Bd2 Na4 21. Nxa4 Qxa4 22. b3 {½-½ (22) Zpevak,P (2410)-Kratochvil,K (2150) Brno 2010}) 16. Nh4 {White is slightly better.} Nd3 $2 (16... Bf6 $14) 17. exd3 $18 cxd3 18. Qc1 Bh6 {[#]} 19. Rd2 $1 Ne5 20. Nf3 Nc4 21. Na4 (21. b4 $18) 21... Qb5 (21... Qb4 $16 {might work better.}) 22. Qd1 Nxd2 23. Bxd2 ({Don't play} 23. Nxd2 Qb7 $16) 23... Bg7 24. Nc3 Qb7 25. Ne1 Bc4 26. a3 Qb3 {[#]} 27. Qc1 $1 Bd4 (27... Bxc3 $16 {was necessary.} 28. Bxc3 Rxa3) 28. Bf1 Qb6 29. Nxd3 Bxd3 30. Bxd3 Bxf2+ 31. Kg2 Bd4 32. Nb5 Rc8 33. Qe1 Bf6 34. b4 Qb7 35. Qe4 Rcb8 36. Rb3 Be5 37. Be3 Qd7 38. Nd4 Qa4 {And now ...Bxd4 would win.} 39. Bc2 Rc8 (39... Bxd4 $142 40. Bxd4 Rc8) 40. Nc6 {White is clearly winning.} f5 41. Qc4 Bf6 42. Rd3 {Precision: White = 70%, Black = 28%.} 1-0

[Event "Almaty Open 2017"]
[Site "Almaty"]
[Date "2017.10.07"]
[Round "5"]
[White "Yudin, Sergei"]
[Black "Mamyrbay, Assad"]
[Result "1-0"]
[WhiteElo "2517"]
[BlackElo "2265"]
[Annotator "TA"]
[PlyCount "67"]
[EventDate "2017.??.??"]
[EventType "swiss"]
[EventCountry "KAZ"]
[SourceTitle "playchess.com"]
[Source "ChessBase"]
[SourceQuality "1"]

{[%evp 22,67,32,29,19,-3,0,10,30,31,22,21,93,84,90,88,123,101,146,123,128,126,114,122,131,138,127,135,156,147,195,205,285,278,357,337,487,333,744,739,733,741,720,643,739,733,918,914]} 1. e4 e5 2. Nf3 Nc6 3. Bc4 Bc5 4. O-O Nf6 5. d3 d6 6. c3 a6 7. a4 h6 8. Nbd2 {[%cal Bb1d2,Bd2f1,Bf1g3][%mdl 32] C54: Italienische Partie (Hauptvariante)} (8. Re1 O-O 9. h3 a5 10. Nbd2 Be6 11. Bb5 Na7 12. d4 exd4 13. cxd4 Bb4 14. Bd3 d5 15. e5 Nd7 {½-½ (76) Vachier Lagrave,M (2804)-Svidler,P (2751) Tbilisi 2017}) 8... O-O 9. Re1 Ba7 10. h3 Ne7 11. Nf1 Ng6 12. Ng3 {LiveBook: 11 Partien} c6 13. d4 exd4 14. Nxd4 {[#]} d5 $146 ({Vorgänger:} 14... Nxe4 15. Nxe4 d5 {½-½ (28) Yudin,S (2524)-Lysyj,I (2643) Khanty-Mansiysk 2016}) 15. exd5 Nxd5 16. a5 Qh4 {[#]} (16... Qd6 $11 {hält das Gleichgewicht.}) 17. Bxd5 $1 $16 cxd5 18. Be3 Qf6 19. Nc2 Be6 20. Nh5 Qh4 21. Bxa7 Rxa7 22. Qd4 $36 {[%mdl 2048] Weiss bestimmt, wo es lang geht.} Qxd4 23. Nxd4 Bd7 24. f4 f5 25. Ra3 Kf7 26. Rb3 Rc8 27. Rb6 Rc5 28. Re3 Nf8 (28... Rc7 $142 29. Rd6 Nf8) 29. Nf3 Be6 $2 (29... d4) 30. Ne5+ $18 {Weiß steht klar auf Gewinn.} Kg8 31. Rg3 Rc7 32. Nf6+ Kh8 {[#]} 33. Rxe6 $1 {[%mdl 512]} gxf6 (33... Nxe6 34. Ng6#) 34. Rxf6 {Precision: Weiß = 90%, Schwarz = 20%.} 1-0

[Event "Almaty Open 2017"]
[Site "Almaty"]
[Date "2017.10.07"]
[Round "5"]
[White "Malakhatko, Vadim"]
[Black "Filippov, Anton"]
[Result "1/2-1/2"]
[WhiteElo "2511"]
[BlackElo "2592"]
[Annotator "TA"]
[PlyCount "54"]
[EventDate "2017.??.??"]
[EventType "swiss"]
[EventCountry "KAZ"]
[SourceTitle "playchess.com"]
[Source "ChessBase"]
[SourceQuality "1"]

{[%evp 28,54,46,37,41,37,43,9,12,0,-6,-35,-34,-28,0,0,0,0,0,0,17,0,11,0,18,18,35,0,0]} 1. d4 Nf6 2. c4 e6 3. Nf3 Bb4+ 4. Nbd2 b6 5. a3 Bxd2+ 6. Qxd2 Bb7 7. e3 d6 8. Be2 Nbd7 9. O-O O-O 10. b4 c5 11. Bb2 Qe7 12. Rfd1 {E14: Queen's Indian: Classical Variation (4 e3)} Rfd8 13. dxc5 dxc5 14. Qd6 Qxd6 15. Rxd6 {LiveBook: 4 Games. Rad1 is the strong threat.} Ne4 16. Rd3 {[#] Hoping for Rad1.} Nf8 {[#]} 17. Rxd8 $146 ({Predecessor:} 17. Rad1 Rxd3 18. Rxd3 f6 19. Ne1 Rc8 {½-½ (88) Moiseenko,A (2648)-Tazbir,M (2521) Germany 2017}) 17... Rxd8 18. b5 (18. Rc1 {feels hotter.} f6 19. Ne1 e5 20. f3 Nd6 21. Nc2) 18... f6 19. Rd1 Rxd1+ 20. Bxd1 Nd6 21. Nd2 Kf7 22. f3 a5 23. Kf2 Nd7 24. g4 h6 25. Be2 Ke7 26. Kg3 e5 27. Bf1 Nf8 {Precision: White = 33%, Black = 72%.} 1/2-1/2

[Event "Almaty Open 2017"]
[Site "Almaty"]
[Date "2017.10.07"]
[Round "5"]
[White "Kostenko, Petr"]
[Black "Sadubayev, Airat"]
[Result "1-0"]
[WhiteElo "2421"]
[BlackElo "2188"]
[Annotator "TA"]
[PlyCount "65"]
[EventDate "2017.??.??"]
[EventType "swiss"]
[EventCountry "KAZ"]
[SourceTitle "playchess.com"]
[Source "ChessBase"]
[SourceQuality "1"]

{[%evp 13,65,24,52,-26,0,10,66,69,97,103,101,43,56,-3,23,22,43,42,35,37,74,75,114,50,73,-8,-17,-1,0,0,0,-68,4,4,18,19,15,0,40,37,352,362,475,465,610,632,608,596,626,626,612,599,658,647]} 1. e4 c5 2. Nf3 d6 3. d4 cxd4 4. Nxd4 Nf6 5. Nc3 a6 6. Be2 e6 7. f4 Nbd7 8. g4 {B84: Sicilian Scheveningen: 6 Be2 a6, lines without early Be3} (8. Bf3 $14) (8. a4 b6 9. Bf3 Bb7 10. O-O Qc7 11. Qe1 Be7 12. e5 dxe5 13. fxe5 Bc5 14. Be3 Nxe5 15. Bxb7 Neg4 16. Bc6+ Kf8 17. Nxe6+ fxe6 18. Bxc5+ bxc5 19. Rxf6+ gxf6 20. Bxa8 Qxh2+ {0-1 (30) Ponkratov,P (2617)-Smirin,I (2655) St Petersburg 2014}) 8... Nc5 9. Bf3 $1 d5 (9... e5 $11 10. Nf5 h5) 10. exd5 $14 {White is slightly better.} exd5 $146 ({Predecessor:} 10... Nxd5 11. Nxd5 Qh4+ 12. Kf1 exd5 13. Kg2 Be7 14. Re1 Ne4 15. Be3 O-O {1-0 (40) Opl,K (2270)-Deutsch,L (2220) Austria 1994}) 11. Qe2+ Be7 12. Be3 (12. Bd2 $16) 12... Nfe4 13. O-O ({White should play} 13. Bxe4 $1 $14 Bh4+ 14. Bf2 Bxf2+ 15. Qxf2 Nxe4 16. Nxe4 dxe4 17. f5) 13... O-O 14. Nxe4 dxe4 15. Bg2 Re8 16. g5 Bf8 17. f5 b5 18. a3 ({Better is} 18. Rad1 $16 {Threatens to win with Ne6.} Qc7 19. Rd2) 18... Bb7 19. b4 (19. Rad1 $16) 19... Nd7 $11 20. g6 {aiming for gxf7+.} hxg6 21. fxg6 fxg6 22. c4 (22. Rad1 $11) 22... bxc4 (22... Bd6 $15 23. c5 (23. cxb5 Qh4 $17) 23... Be5) 23. Qxc4+ $40 {[%mdl 128] White is up to no good.} Kh7 24. Ne6 Ne5 25. Qa2 Bd5 26. Nxf8+ Rxf8 $2 {[%mdl 8192]} ({Black should try} 26... Kg8 $1 $14 27. Qd2 (27. Qb2 Nf3+ 28. Kh1 Qh4 $17) 27... Nc4) 27. Rxf8 $18 Qd6 28. Bc5 {White is clearly winning.} Qe6 29. Qf2 {[%cal Rf2h4] [#]} Rxf8 30. Qxf8 Nf3+ 31. Bxf3 exf3 32. Qf4 f2+ 33. Kxf2 {Precision: White = 38%, Black = 13%.} 1-0

[Event "Almaty Open 2017"]
[Site "Almaty"]
[Date "2017.10.07"]
[Round "5"]
[White "Vahidov, Tair"]
[Black "Burmakin, Vladimir"]
[Result "1/2-1/2"]
[WhiteElo "2416"]
[BlackElo "2515"]
[Annotator "TA"]
[PlyCount "28"]
[EventDate "2017.??.??"]
[EventType "swiss"]
[EventCountry "KAZ"]
[SourceTitle "playchess.com"]
[Source "ChessBase"]
[SourceQuality "1"]

{[%evp 13,14,8,21]} 1. d4 d5 2. c4 c6 3. cxd5 cxd5 4. Nf3 Nf6 5. Nc3 Nc6 6. Bf4 Bf5 7. e3 e6 {Vorgänger:} 8. Bd3 $146 Bxd3 9. Qxd3 Bd6 10. Bxd6 Qxd6 11. O-O O-O 12. Rfc1 Rac8 13. Ne2 Ne4 14. Qd1 h6 {½-½ (14) Jobava,B (2714)-Saric,I (2621) Helsingor 2017} 1/2-1/2

[Event "Almaty Open 2017"]
[Site "Almaty"]
[Date "2017.10.07"]
[Round "5"]
[White "Vokhidov, Shamsiddin"]
[Black "Stativkin, Dmitriy"]
[Result "1-0"]
[WhiteElo "2399"]
[BlackElo "2171"]
[Annotator "TA"]
[PlyCount "93"]
[EventDate "2017.??.??"]
[EventType "swiss"]
[EventCountry "KAZ"]
[SourceTitle "playchess.com"]
[Source "ChessBase"]
[SourceQuality "1"]

{[%evp 16,93,61,56,76,34,37,35,27,25,28,24,29,27,103,101,104,108,107,105,109,110,115,97,120,97,139,139,160,160,127,139,168,153,231,229,251,236,330,344,307,272,380,369,442,445,455,445,467,469,479,457,527,511,518,520,575,577,771,611,642,792,674,545,808,768,918,1161,3873,3782,4134,3674,2378,4698,29980,29983,29979,29980,29994,1238]} 1. e4 Nc6 2. Nf3 g6 3. d4 Bg7 4. Nc3 d6 5. Be2 Bg4 6. Be3 e5 7. dxe5 dxe5 8. Qxd8+ Rxd8 9. Nd5 {LiveBook: 10 Games. B06: Modern Defence} Kd7 (9... Rd7 10. O-O-O Nf6 11. Nxf6+ Bxf6 12. Rxd7 Bxd7 13. Rd1 a6 14. h3 Nd8 15. Nd2 Ne6 16. Nb3 Bc8 {½-½ (27) Druska,J (2441)-Repka,C (2454) Banska Stiavnica 2017}) 10. Rd1 $146 {Threatens to win with Nf6+.} ({Predecessor:} 10. Bb5 a6 11. Bxc6+ Kxc6 12. Ng5 Nh6 13. h3 Bd7 14. Nb4+ Kb5 15. c3 a5 16. a4+ Kc4 17. Nd5 c6 18. Nb6+ Kb3 19. Nf3 f5 20. Ke2 Be6 21. Ra3+ Kxb2 22. Rha1 Bf8 23. Bc1+ {1-0 (23) Walek,M (2343)-Stonawski,I Tatranska Lomnica 1999}) 10... Kc8 11. Ng5 {White is slightly better.} Bxe2 12. Kxe2 Rd7 13. c3 h6 14. Nf3 $36 {[%mdl 2048] White has good play.} f5 {[#]} (14... Nf6 $11 {remains equal.}) 15. Nh4 $1 $16 {[%cal Rh4g6]} f4 16. Nxg6 fxe3 17. Nxh8 Bxh8 18. Nxe3 Rf7 19. Nf5 h5 20. h4 Nge7 21. Nxe7+ Nxe7 22. Rh3 Bf6 23. Rf3 b5 24. g3 a5 {[#]} (24... Rf8 $16 25. a4 a6 26. axb5 axb5) 25. a4 $1 $18 {[%cal Ra4b5]} bxa4 26. Ra1 Kd7 27. Rxa4 Nc6 28. Rc4 Nb8 29. Rc5 Kd6 30. Rxa5 Nd7 31. Ra6+ Nb6 32. Rf5 Kc6 33. f4 exf4 34. gxf4 Rf8 35. Raa5 Nd7 36. Kf3 Bxh4 37. Rxf8 Nxf8 38. Rxh5 Be7 39. Ra5 Kd7 40. e5 Ne6 41. f5 {[%cal Bf4f5,Bf5f6][%mdl 32]} Ng5+ 42. Kg4 Ne4 43. Kf4 Nf2 44. Rd5+ (44. f6 $142 Ke6 45. fxe7 Kxe7 46. Rd5) 44... Ke8 45. f6 {White mates.} Bf8 46. Kf5 Nh1 47. Ke4 {Precision: White = 81%, Black = 22%.} (47. Ke6 $142 Bc5 48. Rxc5 Kd8 49. f7 Kc8 50. Rb5 c5 51. Kd6 Ng3 52. f8=Q#) 1-0

[Event "Almaty Open 2017"]
[Site "Almaty"]
[Date "2017.10.07"]
[Round "5"]
[White "Akhmetov, Ayan"]
[Black "Markov, Mikhail"]
[Result "1/2-1/2"]
[WhiteElo "2397"]
[BlackElo "2420"]
[Annotator "TA"]
[PlyCount "127"]
[EventDate "2017.??.??"]
[EventType "swiss"]
[EventCountry "KAZ"]
[SourceTitle "playchess.com"]
[Source "ChessBase"]
[SourceQuality "1"]

{[%evp 17,127,57,67,60,60,31,44,35,85,50,103,0,0,0,0,-11,0,0,-7,-6,0,0,7,4,22,22,40,0,41,0,0,0,0,0,13,0,4,0,18,0,29,48,40,54,58,43,79,83,91,88,35,54,89,0,0,0,0,0,0,0,8,8,16,10,8,8,8,8,8,7,46,37,33,85,293,293,293,293,293,293,293,258,210,268,326,346,452,8,8,8,8,8,8,8,8,0,31,8,8,8,263,8,8,8,263,8,8,0,287,33,74,0]} 1. e4 c5 2. Nf3 d6 3. d4 cxd4 4. Nxd4 Nf6 5. Nc3 a6 6. f3 Nc6 7. Be3 e6 8. g4 {[%cal Bg2g4,Bg4g5][%mdl 32]} Qc7 9. Qd2 b5 {LiveBook: 13 Games. B80: Sicilian Scheveningen: 6 g3 and 6 Be3, including English Attack} 10. a3 (10. O-O-O Bb7 11. Kb1 Nxd4 12. Bxd4 Bc6 13. g5 Nd7 14. Bd3 Ne5 15. Rhf1 h6 16. h4 hxg5 17. hxg5 {1-0 (36) Hernandez Guerrero,G (2499)-Mahia,G (2365) Buenos Aires 2017}) 10... Be7 11. h4 Bb7 {White is slightly better.} 12. O-O-O Rc8 13. g5 $146 ({Predecessor:} 13. h5 h6 14. Be2 Ne5 15. Rdg1 Nc4 16. Bxc4 Qxc4 17. g5 hxg5 18. Bxg5 {1-0 (37) Zavivaeva,E (1492)-Wang,E Batumi 2016}) 13... Nd7 ({Black should try} 13... Nh5 $1 $14) 14. Ndxb5 ({Better is} 14. h5 $16) 14... axb5 $11 15. Nxb5 Qb8 {White should prevent ...Nce5.} 16. Nxd6+ Bxd6 17. Qxd6 Qxd6 18. Rxd6 Ke7 19. Rd1 Ra8 20. Rh2 Rhc8 21. Rhd2 Ncb8 22. Bb5 Rc7 23. Kb1 Ba6 24. Bxd7 Nxd7 25. b3 e5 26. Kb2 Nf8 27. Bb6 Rc6 28. Ba5 f6 29. gxf6+ gxf6 30. Bb4+ Kf7 31. c4 Ra7 32. Bxf8 Kxf8 33. Rd7 Rxd7 34. Rxd7 $16 {[%mdl 4096] Endgame KRB-KR} Bc8 35. Rd2 (35. Rxh7 $16 Bh3 36. b4) 35... Ke7 $11 36. Kc3 Rd6 37. Rg2 Rd1 38. a4 Kd6 39. Rg8 Bd7 40. a5 Ra1 41. Kb4 {Threatening Rf8.} f5 42. exf5 Bxf5 43. Rf8 Bd7 44. h5 Bc6 45. Rf6+ Kd7 $2 (45... Kc7 $16) 46. Kc5 $18 Rxa5+ 47. Kb6 Ra3 48. Rxc6 Rxb3+ {KR-KR} 49. Kc5 Rxf3 50. Rh6 e4 {[%cal Be5e4,Be4e3][%mdl 32] intending ...e3.} 51. Rxh7+ Ke6 {And now ...e3 would win.} 52. Rh8 $2 (52. Kd4 $18) 52... e3 $1 $11 {Threatens to win with ...Ke7.} 53. Re8+ Kd7 $1 {[%cal Rd7e8]} 54. Re5 {Black must now prevent Kd4.} Kc7 55. Re7+ Kd8 56. Re5 Kc7 57. Kd4 Rh3 58. Kd3 {Strongly threatening Rd5.} Kd6 $2 {[%mdl 8192]} (58... Kc6 $11 {and Black stays safe.}) 59. Rd5+ $2 ({Weaker is} 59. Rxe3 Rxh5 60. Rf3 Rh6 $11) (59. Ra5 $1 $18) 59... Kc6 60. Rg5 {aiming for Rd5.} Kd6 $2 {[%mdl 8192]} (60... Rh4 $11) 61. Ke2 $2 (61. Ra5 $1 $18) 61... Kc6 62. Kd3 $2 {[%mdl 8192]} (62. Re5 $11) 62... Kd6 $18 {[#]} 63. Rg6+ $2 (63. Ra5 $1 $18) 63... Kc5 $1 $14 {[#]} 64. Rg5+ {Precision: White = 43%, Black = 49%.} ({White should play} 64. Ra6 $1 $16) 1/2-1/2

[Event "Almaty Open 2017"]
[Site "Almaty"]
[Date "2017.10.07"]
[Round "5"]
[White "Kazakov, Konstantin"]
[Black "Fier, Alexandr"]
[Result "0-1"]
[WhiteElo "2390"]
[BlackElo "2573"]
[Annotator "TA"]
[PlyCount "156"]
[EventDate "2017.??.??"]
[EventType "swiss"]
[EventCountry "KAZ"]
[SourceTitle "playchess.com"]
[Source "ChessBase"]
[SourceQuality "1"]

{[%evp 20,156,12,0,22,26,53,-32,-26,-38,-31,-50,-23,-35,-26,-42,-36,-66,-13,-47,-50,-58,-39,-69,-67,-65,-74,-66,-72,-110,-99,-95,-99,-97,-99,-87,-84,-96,-80,-85,-76,-71,-72,-89,-86,-93,-93,-85,-91,-89,-90,-102,-104,-101,-100,-142,-131,-151,-153,-150,-145,-156,-137,-139,-139,-127,-127,-124,-127,-149,-151,-159,-152,-202,-182,-204,-152,-233,-230,-219,-186,-184,-8,-9,-6,-6,-5,-40,-34,-37,-8,-10,-9,-18,-10,-64,-8,-8,-8,-8,-11,-14,-14,-21,-29,-31,-29,-70,-72,-139,-156,-156,-141,-182,-182,-184,-141,-250,-230,-769,-829,-702,-793,-1098,-1059,-29950,-29954,-2535,-3481,-5935,-10843,-5181,-4459,-29979,-29980,-29981,-29982,-29982,-29983]} 1. e4 c5 2. Nf3 d6 3. d4 cxd4 4. Nxd4 Nf6 5. Nc3 Nc6 6. Be2 e6 7. O-O Be7 8. Be3 O-O 9. Qd2 a6 10. f4 Qc7 11. Rad1 {LiveBook: 11 Games} Na5 {B83: Sicilian Scheveningen: 6 Be2, lines without ...a6} 12. Qd3 (12. g4 b5 13. g5 b4 14. Ncb5 axb5 15. gxf6 Bxf6 16. Nxb5 Qc6 17. Qxb4 Qxc2 18. Rd2 Nc6 19. Qc4 Qxc4 20. Bxc4 {0-1 (47) Duboue,P (2272)-Dionisi,T (2400) Nimes 2014}) 12... b5 13. Bf3 $146 (13. b4 $1 $14) ({Predecessor:} 13. b4 Nb7 14. a3 Bd7 15. e5 Ne8 16. Ne4 Rc8 17. exd6 Nexd6 18. Nxd6 Nxd6 19. Nb3 {0-1 (31) Thomas,G-Euwe,M Noordwijk 1938}) 13... Bb7 $15 {Black is slightly better.} 14. Kh1 Nc4 15. Bc1 $1 Rad8 16. Qe2 Rfe8 17. b3 Nb6 18. Bb2 Nfd7 (18... b4 $15 19. Nb1 e5) 19. e5 dxe5 20. fxe5 Nc5 21. Ne4 Nxe4 22. Bxe4 Bxe4 23. Qxe4 Rd5 24. Rd3 Qxe5 25. Qxe5 Rxe5 26. Nc6 Rd5 27. Nxe7+ Rxe7 28. Rc3 Red7 29. Ba3 h5 30. Rc6 Rb7 31. Bc5 Nd7 32. Bg1 Nb8 33. Rc8+ Kh7 34. h3 f6 35. c4 bxc4 36. bxc4 Rdd7 37. Re8 e5 38. c5 Nc6 39. Re6 Rbc7 40. Rb1 a5 41. Rb6 Nd8 42. Red6 Rxd6 43. cxd6 $17 {[%mdl 4096] Endgame KRB-KRN} Rd7 44. Bc5 Nb7 45. Ba3 Kg6 46. Kg1 Kf5 47. Kf2 Ke6 48. Ra6 (48. g4 $17) 48... h4 $19 ({But not} 48... Nxd6 49. g3) 49. Kf3 f5 50. Ra8 {intending Re8+.} g5 $2 (50... Rd8 $19 51. Ra6 g5) 51. Re8+ $11 Kd5 52. Re7 e4+ 53. Ke2 (53. Ke3 $5 {[%cal Re7d7]} Kc6 54. Re5 $15) 53... Kc6 54. Re5 Rf7 55. Re7 Nd8 56. Ke3 Kd5 57. Ke2 (57. Rc7 $11) 57... f4 ({Black should play} 57... g4 $1 $15) 58. d7 Kc6 59. Rxe4 Rxd7 60. Rc4+ Kb6 61. Re4 Nc6 62. Bb2 Rd5 63. Re6 Kc5 64. Rg6 {[#]} (64. Re4 $142) 64... Nd4+ $1 $17 65. Kf2 Re5 {White must now prevent ...Re2+.} 66. Ba3+ Kc4 67. Bd6 Rb5 {Threatens to win with ...Rb6.} 68. Be7 (68. Ba3 $17 {is the only way for White.}) 68... Rb2+ $19 69. Kf1 $2 (69. Kg1) 69... Nf5 70. Bxg5 Ne3+ 71. Ke1 Rxg2 72. Rg8 Kd3 {[%csl Gd3][%cal Rg2e2]} 73. Rd8+ Ke4 {[#] ( -> ...Kf3)} 74. Bxf4 Kxf4 75. Rf8+ Kg3 76. a4 Kxh3 {Black mates.} 77. Rf4 Ng4 78. Rf5 Kg3 {Precision: White = 41%, Black = 66%.} 0-1

[Event "Almaty Open 2017"]
[Site "Almaty"]
[Date "2017.10.07"]
[Round "5"]
[White "Tukubayev, K."]
[Black "Khusenkhojaev, Muhammad"]
[Result "0-1"]
[WhiteElo "2240"]
[BlackElo "2466"]
[Annotator "TA"]
[PlyCount "108"]
[EventDate "2017.??.??"]
[EventType "swiss"]
[EventCountry "KAZ"]
[SourceTitle "playchess.com"]
[Source "ChessBase"]
[SourceQuality "1"]

{[%evp 15,108,6,10,6,3,0,14,0,1,0,6,-6,-6,0,5,0,0,0,16,14,15,14,22,0,-3,-15,0,-28,-2,-54,-13,-16,-9,-23,-8,-12,-4,-3,-3,-4,-4,-24,-25,-25,-14,-46,-46,-47,-47,-42,-26,-21,-14,-17,-22,-29,-29,-29,-20,-30,0,0,0,-12,-11,-13,-10,-25,-22,-23,-23,-34,-33,-172,-172,-172,-172,-584,-575,-958,-933,-958,-958,-958,-958,-926,-906,-1054,-1036,-958,-853,-5114,-2043,-5069,-1839]} 1. d4 Nf6 2. Nf3 g6 3. c4 Bg7 4. Nc3 d5 5. cxd5 Nxd5 6. e4 Nxc3 7. bxc3 c5 8. Bb5+ Nc6 {LiveBook: 262 Games} 9. Bxc6+ {D85: Exchange Grünfeld: Unusual White 7th moves and lines with 7 Nf3} (9. d5 Qa5 10. Rb1 a6 11. Ba4 b5 12. dxc6 bxa4 13. O-O O-O 14. Bf4 Be6 15. c7 Rac8 16. Rb8 Bxa2 {½-½ (30) Buhmann,R (2596)-Areshchenko,A (2677) Minsk 2017}) 9... bxc6 10. O-O cxd4 11. cxd4 {The position is equal.} c5 $146 {[%cal Rc5d4]} ({Predecessor:} 11... O-O 12. Ba3 Qa5 13. Bc5 Rd8 14. e5 Kf8 15. Re1 Bf5 16. Qc1 Rd7 17. Qf4 {½-½ (70) Schaufelberger,H (2268)-Loeffler,M (2379) Germany 2001}) 12. Be3 cxd4 13. Bxd4 O-O 14. Bxg7 Kxg7 15. Qa4 Qd7 16. Qa5 Qe6 17. Rfe1 Kg8 18. Rac1 Qb6 19. Qg5 f6 20. Qd2 Rd8 21. Qc3 Bg4 22. Red1 (22. h3 $11 Rdc8 23. Qa3 Bxf3 24. Qxf3) 22... Rac8 23. Rxd8+ Rxd8 24. h3 Be6 25. a3 Kf7 26. e5 a5 27. exf6 exf6 28. Qc7+ (28. Nd2 {feels hotter.} Qd4 29. Nc4 Qf4 30. Ne3 Rc8 31. Qd2) 28... Qxc7 29. Rxc7+ $11 {[%mdl 4096] Endgame KRB-KRN} Rd7 30. Rc3 Rd1+ 31. Kh2 Ke7 32. Kg3 Kd6 33. Kf4 Bd5 34. Ke3 a4 35. Ke2 Ra1 36. g3 g5 37. h4 Bb3 38. hxg5 Rxa3 {[#] White must now prevent ...Bd1+.} 39. Nd2 fxg5 {Strongly threatening ...Ra2.} 40. Ke3 Kd5 41. Ne4 Ra1 {...Re1+ is the strong threat.} 42. Rc5+ Ke6 43. Nxg5+ Ke7 {Threatens to win with ...a3.} 44. Nf3 (44. Rb5 $15) 44... a3 $19 {[%cal Ba4a3,Ba3a2][%mdl 32] aiming for ...a2.} 45. Nd4 Re1+ 46. Kf4 $2 (46. Kd2 {is more resistant.} Rd1+ 47. Ke3) 46... Bg8 {Black is clearly winning.} 47. Re5+ Rxe5 48. Kxe5 {KB-KN} a2 49. Nc2 Bb3 50. Na1 Bd1 51. f4 Kf7 52. Kf5 h6 {[%cal Bh7h6,Bh6h5][%mdl 32]} 53. g4 Kg7 (53... Ke7 $142 54. g5 h5) 54. g5 {[#]} h5 $1 {Precision: White = 39%, Black = 64%.} 0-1